Missing Word: Greatest Guitar Songs Quiz Stats

 Plays Quiz Updated Aug 6, 2017

Support Sporcle.
Go Orange.
Score 0/20 Timer 03:00
2 Plays Today
Song Word % Correct
______ B. GoodeJohnny
94.4%
________ to HeavenStairway
94.3%
(We're Gonna) ____ Around the ClockRock
92.4%
______ Like Teen SpiritSmells
90.7%
_____ Child O’ MineSweet
90.3%
____ This WayWalk
87.5%
Back in _____Black
86.8%
Purple ____Haze
85.3%
While My Guitar Gently _____Weeps
82.7%
You ______ Got MeReally
81%
Song Word % Correct
_____ SugarBrown
79.3%
Black Magic _____Woman
78.9%
_______ of SwingSultans
76.5%
Seven ______ ArmyNation
76%
Where the _______ Have No NameStreets
73.7%
Master of _______Puppets
55.3%
__________ BopBlitzkrieg
50.2%
La ______Grange
45.5%
_______ in the NameKilling
45.5%
Statesboro _____Blues
24.7%

Today's Daily Dose

You're not logged in!

Compare scores with friends on all Sporcle quizzes.
OR
Log In
Forgot?

From the Vault

MLB Highest WAR by Position (2000s)

by edykhuizen

They should really make up a baseball stat called LOVE, just for the sake of headlines.
Remove Ads.
Support Sporcle.
Get the best of Sporcle when you Go Orange. This ad-free experience offers more features, more stats, and more fun while also helping to support Sporcle. Thank you for becoming a member.

Show Comments

Extras

Top Quizzes Today


Score Distribution

Your Account Isn't Verified!

In order to create a playlist on Sporcle, you need to verify the email address you used during registration. Go to your Sporcle Settings to finish the process.

Report this User

Report this user for behavior that violates our Community Guidelines.

Details: